Online
Catalog

La libertad de prensa / (Record no. 13879)

MARC details
000 -CABECERA
campo de control de longitud fija 00427nam a2200145 a 4500
001 - NÚMERO DE CONTROL
campo de control 000014283
005 - FECHA Y HORA DE LA ÚLTIMA TRANSACCIÓN
campo de control 20200929163545.0
008 - DATOS DE LONGITUD FIJA--INFORMACIÓN GENERAL
campo de control de longitud fija 091209s1927 dr 000 0 spa d
040 ## - FUENTE DE LA CATALOGACIÓN
Centro catalogador/agencia de origen DO-SdBNP
Lengua de catalogación spa
Centro/agencia transcriptor BNPHU
049 ## - FONDOS LOCALES (OCLC)
Fondos de biblioteca BNPD
100 1# - ENTRADA PRINCIPAL--NOMBRE DE PERSONA
Nombre de persona Camarena Perdomo, M. de J.
9 (RLIN) 32242
245 13 - MENCIÓN DE TÍTULO
Título La libertad de prensa /
Mención de responsabilidad, etc. M. de J. Camarena Perdomo.
260 ## - PUBLICACIÓN, DISTRIBUCIÓN, ETC.
Lugar de publicación, distribución, etc. Santo Domingo :
Nombre del editor, distribuidor, etc. Impr. Vda. García,
Fecha de publicación, distribución, etc. 1927.
300 ## - DESCRIPCIÓN FÍSICA
Extensión 18 p. ;
Dimensiones 26 cm.
Holdings
Estado de retiro Estado de pérdida Restricciones de uso No para préstamo Código de colección Localización permanente Ubicación/localización actual Ubicación en estantería Fecha de adquisición Número de inventario Total de préstamos Signatura topográfica completa Código de barras Fecha visto por última vez Precio válido a partir de Tipo de ítem Koha Número de copia
      Excluido de préstamo Raros y valiosos Patrimonio Dominicano Patrimonio Dominicano Depósito 26.03.2010 LF1   14283-10 25.06.2020 25.06.2020 No se presta  
      Excluido de préstamo Raros y valiosos Patrimonio Dominicano Patrimonio Dominicano En catalogación 23.08.2011 LF1   14283-20 25.06.2020 25.06.2020 No se presta e. 2

Powered by Koha